Readings In Money And Banking (Record no. 43481)

MARC details
000 -LEADER
fixed length control field 00437nam a22001697a 4500
005 - DATE AND TIME OF LATEST TRANSACTION
control field 20250328165327.0
008 - FIXED-LENGTH DATA ELEMENTS--GENERAL INFORMATION
fixed length control field 250328b |||||||| |||| 00| 0 eng d
020 ## - INTERNATIONAL STANDARD BOOK NUMBER
International Standard Book Number 9789361383540
041 ## - LANGUAGE CODE
Language code of text/sound track or separate title eng
082 ## - DEWEY DECIMAL CLASSIFICATION NUMBER
Classification number 332.082 PHI
100 ## - MAIN ENTRY--PERSONAL NAME
Author Whittlesey, Charles R.
245 ## - TITLE STATEMENT
Title Readings In Money And Banking
260 ## - PUBLICATION, DISTRIBUTION, ETC.
Place Dehli
Publisher Lector House
Publication Year 2025
300 ## - PHYSICAL DESCRIPTION
Extent 600;. pages: 23 cm
650 ## - SUBJECT ADDED ENTRY--TOPICAL TERM
Subject Money; Banks and Banking
942 ## - ADDED ENTRY ELEMENTS (KOHA)
Koha item type Books
Holdings
Withdrawn status Lost status Source of classification or shelving scheme Damaged status Not for loan Home library Current library Shelving location Accession Date Vendor Price Bill number Total Checkouts Full call number Barcode No Date last seen Discount Bill Date Koha item type Suggested By
    Dewey Decimal Classification     IMTN IMTN Rack 7-B 03/24/2025 Raghav Books Private Limited 4995.00 2374   332.082 PHI 33767 03/28/2025 30 02/14/2025 Books Dr. Veena Pailwar
Designed & Maintained by: LRC IMT Nagpur Contact: lrc@imtnag.ac.in© 2024. All Rights Reserved.